000 00548nam a2200193Ia 4500
005 20250508152945.0
008 008 250505s9999 xx 000 0 eng d
037 _aTextual
040 _aFEDL
_beng
_cFEDL
041 _aeng
_2eng
084 _a040, NEH
_qFEDL
100 _aNehru Jawaharlal
245 0 _aIndia and the world
260 _aNew Delhi, India
_bAllied Publishers Private Limited
300 _axi,147p.
700 _a Toynbee Arnold Attlee Earl C R
_9762836
942 _cTEXL
_h040, NEH
999 _c1339823
_d1339823